<?xml version="1.0" encoding="UTF-8"?>
<record
    xmlns:xsi="http://www.w3.org/2001/XMLSchema-instance"
    xsi:schemaLocation="http://www.loc.gov/MARC21/slim http://www.loc.gov/standards/marcxml/schema/MARC21slim.xsd"
    xmlns="http://www.loc.gov/MARC21/slim">

  <leader>03459nam a2200457 a 4500</leader>
  <controlfield tag="003">CHAP</controlfield>
  <controlfield tag="005">20241129143300.0</controlfield>
  <controlfield tag="007">cr ||||||a|c|a</controlfield>
  <controlfield tag="008">110119s2010    mx      r     00010 spa d</controlfield>
  <datafield tag="035" ind1=" " ind2=" ">
    <subfield code="a">111941</subfield>
  </datafield>
  <datafield tag="040" ind1=" " ind2=" ">
    <subfield code="c">CHAP</subfield>
  </datafield>
  <datafield tag="090" ind1=" " ind2=" ">
    <subfield code="a">Tesis</subfield>
  </datafield>
  <datafield tag="100" ind1="1" ind2=" ">
    <subfield code="a">Mora Guerrero, Carmen</subfield>
    <subfield code="9">78145</subfield>
  </datafield>
  <datafield tag="245" ind1="1" ind2="0">
    <subfield code="a">Evaluaci&#xF3;n del efecto del contenido de humedad de la semilla en la germinaci&#xF3;n de semilla de ilama (Annona diversifolia Saff.) y saramuyo (Annona squamosa L.)</subfield>
    <subfield code="c">/por Carmen Mora Guerrero; director de tesis Eloisa Vidal Lezama.</subfield>
  </datafield>
  <datafield tag="264" ind1=" " ind2="1">
    <subfield code="a">Chapingo, M&#xE9;x. :</subfield>
    <subfield code="b">El autor,</subfield>
    <subfield code="c">2010.</subfield>
  </datafield>
  <datafield tag="300" ind1=" " ind2=" ">
    <subfield code="a">1 recurso en l&#xED;nea (60 p&#xE1;ginas):</subfield>
    <subfield code="b">cuadros.</subfield>
  </datafield>
  <datafield tag="336" ind1=" " ind2=" ">
    <subfield code="2">rdacontent</subfield>
    <subfield code="a">texto</subfield>
    <subfield code="b">txt</subfield>
  </datafield>
  <datafield tag="337" ind1=" " ind2=" ">
    <subfield code="2">rdamedia</subfield>
    <subfield code="a">computadora</subfield>
    <subfield code="b">c</subfield>
  </datafield>
  <datafield tag="338" ind1=" " ind2=" ">
    <subfield code="2">rdacarrier</subfield>
    <subfield code="a">recursos en l&#xED;nea</subfield>
    <subfield code="b">cr</subfield>
  </datafield>
  <datafield tag="502" ind1=" " ind2=" ">
    <subfield code="b">IAAF</subfield>
    <subfield code="c">Fitotecnia</subfield>
    <subfield code="d">2010.</subfield>
    <subfield code="g">LIC</subfield>
  </datafield>
  <datafield tag="520" ind1=" " ind2=" ">
    <subfield code="a">Se evalu&#xF3; el efecto del contenido de humedad (CH) de la semilla y la aplicaci&#xF3;n &#xE1;cido giber&#xE9;lico (AG3) en la germinaci&#xF3;n de ilama (Annona diversifolia Saff.) y saramuyo (Annona squamosa L.) a diferentes intervalos de almacenamiento. Las semillas fueron almacenadas en contenedores de vidrio herm&#xE9;ticos. Los tratamientos para ilama fueron 16, 24, 32 y 40 d&#xED;as de almacenamiento (DA) con 350 ppm de AG3 y sin la aplicaci&#xF3;n de AG3 y para saramuyo 11,19, 28 y 36 DA con 400 ppm de AG3 y sin la aplicaci&#xF3;n del mismo. Se utiliz&#xF3; una c&#xE1;mara bioclim&#xE1;tica durante 72 d&#xED;as, a temperatura de 30 &#xB0;C d&#xED;a/ 20 noche &#xB1; 5 &#xB0;C, con 12/12 horas de luz/oscuridad. Se determin&#xF3; el CH de las semillas, la viabilidad (V), el porcentaje de germinaci&#xF3;n final (GF) entre otras variables. En ilama el porcentaje GF fue del 66 % que se logr&#xF3; con la aplicaci&#xF3;n de AG3, con el mayor CH (24.25 %) y en el menor tiempo de almacenamiento (16 d&#xED;as). En la misma especie, con 21.28 % de CH se obtuvo 14 % de lo que se&#xF1;ala su intolerancia a la deshidrataci&#xF3;n. La V no se asoci&#xF3; positivamente con el porcentaje GF, debido a la latencia seminal. En saramuyo el mayor porcentaje de GF (71 %), se obtuvo con la aplicaci&#xF3;n de AG3, con el mayor CH (21.91 %) y al menor tiempo de almacenamiento (11 d&#xED;as). En saramuyo con CH 18.94 % se obtuvo similarmente, GF del 71 %, mientras que con un CH de 16.87 % disminuyeron significativamente la GF (44 %), por lo que se le ubic&#xF3; como de comportamiento intermedio en su respuesta al almacenamiento. La V no disminuy&#xF3; con el tiempo de almacenamiento y correlacion&#xF3; positiva y significativamente con el porcentaje de GF, indicando que la prueba del CTT al 0.2 % es confiable en esta especie.</subfield>
  </datafield>
  <datafield tag="590" ind1=" " ind2=" ">
    <subfield code="a">ALEPH</subfield>
    <subfield code="b">10</subfield>
    <subfield code="c">20130110</subfield>
  </datafield>
  <datafield tag="590" ind1=" " ind2=" ">
    <subfield code="a">BATCH-UPD</subfield>
    <subfield code="b">10</subfield>
    <subfield code="c">20130110</subfield>
  </datafield>
  <datafield tag="590" ind1=" " ind2=" ">
    <subfield code="a">BATCH-UPD</subfield>
    <subfield code="b">10</subfield>
    <subfield code="c">20130410</subfield>
  </datafield>
  <datafield tag="590" ind1=" " ind2=" ">
    <subfield code="a">BATCH-UPD</subfield>
    <subfield code="b">10</subfield>
    <subfield code="c">20130914</subfield>
  </datafield>
  <datafield tag="590" ind1=" " ind2=" ">
    <subfield code="a">BATCH-UPD</subfield>
    <subfield code="b">10</subfield>
    <subfield code="c">20140324</subfield>
  </datafield>
  <datafield tag="590" ind1=" " ind2=" ">
    <subfield code="a">BATCH-UPD</subfield>
    <subfield code="b">10</subfield>
    <subfield code="c">20141002</subfield>
  </datafield>
  <datafield tag="590" ind1=" " ind2=" ">
    <subfield code="a">CONVERSION</subfield>
    <subfield code="b">10</subfield>
    <subfield code="c">20130109</subfield>
  </datafield>
  <datafield tag="650" ind1="1" ind2="4">
    <subfield code="a">Annona diversifolia.</subfield>
    <subfield code="9">5943</subfield>
  </datafield>
  <datafield tag="650" ind1="1" ind2="4">
    <subfield code="a">Guan&#xE1;bana</subfield>
    <subfield code="x">Semilla.</subfield>
    <subfield code="9">50999</subfield>
  </datafield>
  <datafield tag="650" ind1="1" ind2="4">
    <subfield code="a">Semillas</subfield>
    <subfield code="x">Contenido de humedad.</subfield>
    <subfield code="9">103887</subfield>
  </datafield>
  <datafield tag="650" ind1="1" ind2="4">
    <subfield code="a">Semillas</subfield>
    <subfield code="x">Germinaci&#xF3;n.</subfield>
    <subfield code="9">103903</subfield>
  </datafield>
  <datafield tag="700" ind1="1" ind2=" ">
    <subfield code="a">Vidal Lezama, Elo&#xED;sa</subfield>
    <subfield code="9">119233</subfield>
    <subfield code="e">Director de tesis.</subfield>
  </datafield>
  <datafield tag="856" ind1=" " ind2=" ">
    <subfield code="u">http://10.13.5.2/tesis/111941.pdf</subfield>
    <subfield code="z">DESCARGAR PDF</subfield>
  </datafield>
  <datafield tag="901" ind1=" " ind2=" ">
    <subfield code="a">BK</subfield>
  </datafield>
  <datafield tag="942" ind1=" " ind2=" ">
    <subfield code="c">TD</subfield>
    <subfield code="2">Clasificaci&#xF3;n Universidad Aut&#xF3;noma Chapingo</subfield>
  </datafield>
  <datafield tag="949" ind1=" " ind2=" ">
    <subfield code="a">Tesis</subfield>
    <subfield code="b">BC</subfield>
    <subfield code="c">TES</subfield>
    <subfield code="d">33724002228397</subfield>
    <subfield code="e">TS2</subfield>
    <subfield code="f">c.2</subfield>
    <subfield code="g">Donaci&#xD8;n</subfield>
    <subfield code="h">51765</subfield>
    <subfield code="i">111941</subfield>
    <subfield code="s">b</subfield>
  </datafield>
  <datafield tag="949" ind1=" " ind2=" ">
    <subfield code="a">Tesis</subfield>
    <subfield code="b">BC</subfield>
    <subfield code="c">TES</subfield>
    <subfield code="d">33724002228439</subfield>
    <subfield code="e">TS1</subfield>
    <subfield code="g">Donaci&#xD8;n</subfield>
    <subfield code="h">51764</subfield>
    <subfield code="i">111941</subfield>
    <subfield code="s">b</subfield>
  </datafield>
  <datafield tag="999" ind1=" " ind2=" ">
    <subfield code="c">100282</subfield>
    <subfield code="d">100282</subfield>
  </datafield>
  <datafield tag="952" ind1=" " ind2=" ">
    <subfield code="0">0</subfield>
    <subfield code="1">0</subfield>
    <subfield code="2">local</subfield>
    <subfield code="4">0</subfield>
    <subfield code="5">1</subfield>
    <subfield code="7">0</subfield>
    <subfield code="8">TesDigL</subfield>
    <subfield code="a">BD</subfield>
    <subfield code="b">BD</subfield>
    <subfield code="c">E_L</subfield>
    <subfield code="d">2019-12-31</subfield>
    <subfield code="l">0</subfield>
    <subfield code="o">Tesis digital</subfield>
    <subfield code="r">2019-12-31 00:00:00</subfield>
    <subfield code="w">2019-12-31</subfield>
    <subfield code="y">TD</subfield>
  </datafield>
</record>
